[Event "ARG-ch U20"]
[Site "Buenos Aires"]
[Date "2023.02.17"]
[Round "2"]
[White "Yeza, Tiago"]
[Black "Llanos, Joaquin"]
[Result "0-1"]
[WhiteElo "1808"]
[BlackElo "1957"]
[PlyCount "154"]
[EventDate "2023.02.17"]
[EventType "swiss"]
[EventRounds "9"]
[EventCountry "ARG"]
[SourceTitle "EXT 2024"]
[Source "ChessBase"]
[SourceDate "2023.10.10"]
[SourceVersion "1"]
[SourceVersionDate "2023.10.10"]
[SourceQuality "1"]

1. d4 Nf6 2. Nf3 e6 3. e3 b6 4. Bd3 Bb7 5. Nbd2 d5 6. c3 Nbd7 7. Qc2 c5 8. Qb1 Rc8 9. 0-0 Qc7 10. Re1 Bd6 11. e4 dxe4 12. Nxe4 Nxe4 13. Bxe4 Bxe4 14. Qxe4 Nf6 15. Qd3 0-0 16. Bg5 Nd5 17. Be3 Rfd8 18. Qe2 cxd4 19. Bxd4 Nf4 20. Qf1 Qb7 21. Nh4 Be7 22. Nf3 f6 23. Rad1 e5 24. Be3 Ne6 25. Rxd8+ Rxd8 26. Rd1 Qc7 27. Qe2 e4 28. Rxd8+ Qxd8 29. Nd4 Qd5 30. Qa6 Nxd4 31. Bxd4 Qd7 32. Qc4+ Kf8 33. a4 Qg4 34. g3 e3 35. fxe3 Qd1+ 36. Kg2 Qc2+ 37. Kh3 g5 38. Qc8+ Kf7 39. Qc4+ Kg6 40. Qg8+ Kh6 41. Qe6 Qf2 42. e4 Qf1+ 43. Kg4 Qe2+ 44. Kh3 g4+ 45. Kh4 Bd8 46. Bxf6 Qxh2+ 47. Kxg4 Qe2+ 48. Kf5 Qf2+ 49. Kg4 Qxf6 50. Qxf6+ Bxf6 51. Kf5 Bd8 52. g4 Kg7 53. g5 Kf7 54. e5 Ke7 55. b4 Kd7 56. b5 Be7 57. c4 Bd8 58. g6 hxg6+ 59. Kxg6 Ke6 60. Kg7 Kxe5 61. Kf7 Kd4 62. Ke8 Bg5 63. Kd7 Kxc4 64. Kc8 Kb4 65. Kb7 Kxa4 66. Kxa7 Kxb5 67. Kb7 Kc5 68. Ka6 b5 69. Ka5 Bd8+ 70. Ka6 b4 71. Kb7 b3 72. Kc8 b2 73. Kxd8 b1Q 74. Ke7 Qg6 75. Kd7 Qf7+ 76. Kc8 Kc6 77. Kb8 Qb7# 0-1